| 000 | 00967cam a22001935a 4500 | ||
|---|---|---|---|
| 001 | L137473 | ||
| 008 | 070410s2006 xxk f 000 0 eng d | ||
| 035 | _a(Sirsi) u137473 | ||
| 041 | 0 | _aeng | |
| 110 | 2 |
_aBritish Land Company PLC _91770 |
|
| 245 | 0 | 0 |
_aBritish Land corporate responsibility report 2006 _h[electronic resource] |
| 260 | _c2006 | ||
| 520 | _aDiscusses plans to integrate corporate responsibility reporting with financial reporting in the interests of sustainability, and a focus on climate change as an area of risk and opportunity for business, society and the environment. Policies and guidelines include sustainability guide for gcquisitions, a biodiversity action plan and a revised corporate responsibility policy. | ||
| 590 | _aKA | ||
| 651 | 4 |
_aUnited Kingdom _y |
|
| 690 | _aMANAGEMENT-BUSINESS MANAGEMENT-BUSINESS ETHICS | ||
| 856 | 4 | 8 |
_uhttps://www.britishland.com/ _zView the item free of charge at www.britishland.com... |
| 942 | _n0 | ||
| 999 |
_c106793 _d106793 |
||